000
00251nam a2200085Ia 4500
245
0
_a
Everything you need to know about science
100
_a
GOLDSMITH, Mike New York, [c.2009]
_9
81684
942
_c
BK
008
210817s9999 xx 000 0 und d
999
_c
292239
_d
292238